| 000 | 00000nam##2200000za#4500 |
| 001 | 9.604612 |
| 003 | CaOODSP |
| 005 | 20210624211709 |
| 007 | cr ||||||||||| |
| 008 | 150406|2005||||xxc|||||o f|0| 0 fre|d |
| 022 | |a1707-4509 |
| 040 | |aCaOODSP|bfre |
| 043 | |an-cn--- |
| 086 | 1 |aFs76-2/2004-004F-PDF |
| 110 | 1 |aCanada. |bMinistère des pêches et des océans. |
| 245 | 10|aÉtat de l'océan en 2003 : |h[ressource électronique]|bconditions physiques de l'océan sur le plateau néo-écossais, dans la baie de Fundy et dans le golfe de Maine |
| 260 | |aSt. John's - Terre-Neuve et Labrador : |bPêches et Océans Canada |cAvril 2005. |
| 300 | |a9p.|bfigures, graphiques, références |
| 490 | 1 |aRapport sur l'état de l'écosystème|x1707-4509|v2004/004, région des maritimes |
| 590 | |a12-36-Supp|b2012-08-22 |
| 775 | 08|tState of the ocean 2003 : |w(CaOODSP)9.574898 |
| 830 | #0|aRapport sur l'état de l'écosystème,|x1707-4509|v2004/004, région des maritimes|w(CaOODSP)9.502625 |
| 856 | 40|ahttp://publications.gc.ca|qPDF|s413 Ko|uhttps://publications.gc.ca/collections/collection_2012/mpo-dfo/Fs76-2-2004-004-fra.pdf|y2004/004, région des maritimes |